00987cam a2200265 a 45000010008000000030004000080050017000120080041000290100017000700400018000870430012001050820017001171100013001342400017001472450094001642600052002583000020003105000175003305000020005056500028005259060045005539420012005989990015006109520096006252026994OSt20230703154600.0910910s1990 wyu s001 0 eng  a 91622289  aDLCcDLCdDLC an-us-wy00a342.787bWYO1 aWyoming.10aConstitution10aConstitution of the state of Wyoming :bincludes all amendments through November 6, 1990. a[Cheyenne? Wyo.] :bSecretary of State,c[1990] a65 p. ;c22 cm. a"The Constitution of the state of Wyoming was adopted in convention at Cheyenne, Wyoming on September 30, 1889 and ratified by the people of Wyoming on November 5, 1889." aIncludes index. 0aConstitutionszWyoming. a7bcbccorignewd2encipf19gy-gencatlg 2ddccBK c3463d3463 00102ddc4070a002b002d2023-07-03l0o342.787 WYOp10013451r2023-07-03w2023-07-03yBK